000 01347nam0a22003851 4500
001 RU\NLR\A1SV\60186
005 20260225112254.1
035 _a(NLR Aleph) 009742139
090 _a9947767
_c9947767
100 _a20040602d1925 u y0rusy50 ca
101 1 _arus
_cger
102 _aRU
200 1 _aЛитейное дело
_e(Плавка в вагранках)
_fКарл Ирресбергер
_gПер. с нем. инж.-техн. В.А.Зеленкова
_gПод ред. проф. Н.А.Бартельса
210 _aМ.
_aЛ.
_cМоск. акц. изд. о-во
_d1925
215 _a106, [4] с.
_cтабл., черт.
_d19 см
300 _aНапеч. в Ленинграде
620 _dМосква
620 _dСанкт-Петербург
700 1 _aИрресбергер
_bК.
_f1860-1932
_gКарл
702 1 _aБартельс
_bН. А.
_f1877-1936
_gНиколай Алексеевич
702 1 _aЗеленков
_bВ. А.
_f1881-1942
_gВладимир Александрович
801 0 _aRU
_bNLR
_c20040602
852 _aNLR
_j38.56.9.10
899 _aРКП
899 _aАКУНБ
899 _aБАН
899 _aРГБ
899 _aСамОУНБ
899 _aСПбГУ
899 _aНБ Бел.
942 _cBOOK
980 _aNB
980 _aA1SV
980 _aA1SV